| 000 | 00512nam a2200169Ia 4500 | ||
|---|---|---|---|
| 003 | GCL | ||
| 008 | 140319s9999 xx 000 0 eng d | ||
| 040 |
_aGCL / _cGCL |
||
| 082 | 0 | 4 |
_a658.4 _bS F |
| 100 | 1 | _aSENGE, PETER M. | |
| 245 | 1 | 0 |
_aTHE FIFTH DISCIPLINE: THE ART AND PRACTICE OF THE LEARRING ORGANIZATION / _cSENGE, PETER M. |
| 260 |
_a[S.N] : _bDOUBLEDAY DELL PUBLISHING GROUP, INC. ، _c1990 |
||
| 300 | _a423 P | ||
| 650 | 0 | 4 | _aORGANIZATIONAL EFFECTIVENESS |
| 650 | 0 | 4 | _aWORK GROUPS |
| 942 |
_2ddc _cBK |
||
| 999 |
_c21035 _d21035 |
||